| 000 | 00721nam a2200181 i 4500 | ||
|---|---|---|---|
| 001 | 182338 | ||
| 003 | ES-MaACL | ||
| 005 | 20230906221602.0 | ||
| 008 | 130805s1989 pr |||| | spa d | ||
| 100 | 0 |
_aCambre Mariño, Jesús. _934043 |
|
| 245 | 1 | 3 |
_aEl sacrificio de Federico García Lorca en la guerra civil española / _cpor Jesús Cambre Mariño. |
| 260 |
_a[S.l. : _bs.n., _c1989] |
||
| 300 |
_a[P. 153]-163 ; _c22 cm. |
||
| 595 | _aSeparata de: Cuadernos Americanos, nueva época nº 15, Año III, vol. 3 (mayo junio 1989) | ||
| 600 | 1 | 4 |
_aGarcía Lorca, Federico, _d1898-1936 _954853 |
| 852 |
_aES-MaACL _j2317-F-40 _q.- Ejemp. fotocopiado _z.- Dedicatoria manuscrita del autor |
||
| 999 |
_c182338 _d182338 |
||